| 000 | 00363 a2200157 4500 | ||
|---|---|---|---|
| 001 | 59888 | ||
| 020 | _a3401053248 | ||
| 040 | _cAnchieta - Pituba | ||
| 100 | _aSchröder, Raíner M. | ||
| 240 | 1 | 0 |
_aDie lagune der galeeren _lpor |
| 245 | 1 | 0 | _aDie lagune der galeeren |
| 300 | _a461 | ||
| 362 | 0 | _a2004 | |
| 650 | 4 | _aLiteratura juvenil em alemão | |
| 942 | _cBK | ||
| 999 |
_c59888 _d59888 |
||